000 01054cab a2200229 4500
001 ##L131150
008 110922n2005 000 0 eng u
035 _a(Sirsi) u131150
041 0 _aeng
110 2 _aEngland and Wales
_bLaw Commission
_93302
245 _aUnfair terms in contracts
_breport on a reference under section 3(1)(e) of the Law Commissions Act 1965
260 _c2005
490 _aLaw Commission Report
_v292
490 _aScottish Law Commission
_v199
520 _aWarns that existing legislation is complex and confusing for even specialist legal professionals and proposes a single unified regime for the whole of the UK.
650 2 4 _aUNFAIR CONTRACT TERMS ACT 1977
650 2 4 _aUNFAIR TERMS IN CONSUMER CONTRACTS REGULATIONS 1999
690 _aMANAGEMENT-BUSINESS MANAGEMENT-CUSTOMER RELATIONSHIP MANAGEMENT
710 2 _aScottish Law Commission
_91410
856 4 0 _uhttps://www.justice.gov.uk/lawcommission/docs/lc292_Unfair_Terms_In_Contracts.pdf
_zView the report free of charge at www.justice.gov.uk
942 _n0
999 _c104649
_d104649